000 00675nas a2200229 4500
001 BR9511500
003 BR-BrBNA
005 20231205095611.0
007 ta
008 230509b bl.|||p| |||| 00| 00por d
040 _aBR-BrBNA
_bpor
_cBiblioteca Nacional de Agricultura
041 _a(Pt)
072 _aF04; F01
100 1 _aAnon.
245 1 _aCom adubacao e trato adequado obtem-se no verao otima couve-flor
650 _aCouve-Flor
650 _aAdubacao
650 _aPratica Cultural
773 0 _tAgricultura e Pecuaria (Brazil)
_xISSN 0100-249X
_g(May 1974), no. 590 p. 48-49
_wBR9511500
909 _a202311
_bLúcia
_c55
_dLúcia Elande
942 _2AGRIS
_n0
_cANA
999 _c151615
_d151615